000 00583nam a22001817a 4500
005 20251108175456.0
008 250721s2015 xx 000 0 ara d
082 1 4 _a344.046/ حور
100 1 _aالحوراني، بسمه عبد المعطي
245 1 0 _aالمسؤولية الجنائية عن تلوث البيئة : دراسة مقارنة /
264 1 _aعمان :
_bدار وائل للنشر والتوزيع،
_c2015.
300 _a384ص.
650 1 7 _aالقانون
650 1 7 _aالبيئة
650 1 7 _aالتلوث
942 _2ddc
_cBK
999 _c135027
_d135027